| 000 | 01379nam a2200373 c 4500 | ||
|---|---|---|---|
| 001 | 59896 | ||
| 003 | CO-BoRNBP | ||
| 005 | 20251111215916.0 | ||
| 007 | ta | ||
| 008 | 210817s2012 sp ad er 000 0dspa d | ||
| 020 | _a9788473568678 | ||
| 040 |
_aCO-BoRNBP _bspa _erda _cCO-BoRNBP |
||
| 041 | 0 | _aspa | |
| 082 | 0 | 4 |
_a658.802 _bA92p _222 |
| 100 |
_aAyestarán Crespo, Raquel _eaut _967071 |
||
| 245 | 1 | 0 |
_aPlanificación estratégica y gestión de la publicidad : _bconectando con el consumidor / _cRaquel Ayestarán, Celia Rangel, Ana Sebastián. |
| 250 | _aPrimera edición | ||
| 264 | 1 |
_aMadird, España : _bEsic Editorial, _c2012 |
|
| 300 |
_a350 páginas : _bilustraciones, gráficos |
||
| 336 |
_atexto _btxt _2rdacontent |
||
| 337 |
_asin mediación _bn _2rdamedia |
||
| 338 |
_avolumen _bnc _2rdacarrier |
||
| 490 | 0 | _aLibros profesionales de empresa | |
| 500 | _aIncluye apéndice documental y glosario al final del texto | ||
| 504 | _aIncluye referencias bibliográficas | ||
| 521 | _aRecomendado para un público adulto | ||
| 545 | _aIncluye datos biográficos de los autores en la solapa | ||
| 650 | 0 | 7 |
_aComunicación en mercadeo _2lemb _967072 |
| 650 | 0 | 7 |
_aPlanificación estratégica _2lemb _922553 |
| 650 | 0 | 7 |
_aPublicidad _2lemb _967073 |
| 700 |
_aRangel Pérez, Celia _eaut _967074 |
||
| 700 | 1 |
_aSebastián Morillas, Ana _eaut _967075 |
|
| 942 |
_2ddc _cBK |
||
| 999 |
_c59896 _d59896 |
||